|
|
|
|
| LEADER |
00708nam a2200205 a 4500 |
| 001 |
000418655 |
| 003 |
CZ BrMZK |
| 005 |
19990307143423.0 |
| 008 |
960416s1977 xo f slo d |
| 040 |
|
|
|a BOA001
|b cze
|
| 100 |
1 |
|
|a Ponec, Jozef,
|d 1918-2006
|7 ola2002109774
|
| 245 |
1 |
0 |
|a Prírodné rezervácie na Slovensku /
|c Jozef Ponec, Štefan Mihálik
|
| 250 |
|
|
|a 1. vyd.
|
| 260 |
|
|
|a Martin :
|b Osveta,
|c 1977
|
| 300 |
|
|
|a 236 s. :
|b il., mp.
|
| 700 |
1 |
|
|a Mihálik, Štefan,
|d 1931-
|7 xx0008474
|
| 910 |
|
|
|a BOA001
|b PK-0080.742
|
| 964 |
|
|
|a Rezervace přírodní - Slovensko - publikace obrazové
|
| 990 |
|
|
|a BK
|
| 996 |
7 |
|
|b 3119824087
|c PK-0080.742
|l MZK
|r Sklad / do 1 hodiny
|n 2
|w 000418655
|u 000010
|a 1
|e BOA001
|j MZK50
|s A
|